| 000 | 00891cam a2200133 4500500 | ||
|---|---|---|---|
| 005 | 20260329023206.0 | ||
| 041 | _afre | ||
| 042 | _adc | ||
| 100 | 1 | 0 |
_aEsfeld, Michaël _eauthor |
| 245 | 0 | 0 | _aLa philosophie de l'esprit : Une introduction aux débats contemporains |
| 260 |
_bArmand Colin,
_c2020. |
||
| 520 | _aCet ouvrage de référence présente l'état actuel de la philosophie de l'esprit en introduisant les positions majeures dans un ordre systématique, en exposant les arguments principaux pour chaque position ainsi que les éléments de critique, et créant de cette manière un fil conducteur. S'y associent un appareil didactique fouillé avec résumés des points centraux, suggestions de lecture, questions de contrôle et propositions de travail. | ||
| 856 | 4 | 1 | _uhttps://shs.cairn.info/la-philosophie-de-l-esprit--9782200626471?lang=fr&redirect-ssocas=7080 |
| 999 |
_c1925363 _d1925363 |
||